Statistics for Asian Countries With Five Letters

Click here to take the quiz!

General Stats

  • This quiz has been taken 386 times
    (234 since last reset)
  • The average score is 6 of 7

Answer Stats

country% Correct
China
95%
Japan
95%
India
86%
Nepal
84%
Yemen
84%
Qatar
82%
Syria
76%

Score Distribution

Percentile by Number Answered

Percent of People with Each Score

Your Score History

You have not taken this quiz since the last reset